005140000a2200145000450024500840000050000370008465000330012165000250015465000460017904100130022570000270023870000160026510000200028177300670030110aComparison of direct and indirect methods for estimating environmental benefits a14aMétodos de investigación14aEconomía ambiental14aValoración de los servicios ambientales0 aInglés1 aDesvousges, William H.1 aFisher, Ann1 aSmith, V. kerry1 tAmerican Agricultural Economics Associationq281-289d1986g68